000 nam a22 a 4500
999 _c431119
_d431119
003 BLK
005 20210903143406.0
008 180408b bul|||||r ||||||| ||bul||
040 _aBLK
041 _aFRE
_cFRE
080 _aГеография на България
_b913(497.2)
_z913(497.2)
080 _aГеография на Гърция
_b913(495)
_z913(495)
080 _aФренска литература
_b821.133.1
_x-992
_z821.133.1-992
100 _aErdic, Jean
_eпърви автор
_9463938
139 _aErdic, Jean
245 1 0 _aEn Bulgarie et en Roumelie
_bMai-juin 1884
_cJean Erdic
246 _aSouvenirs des Balkans
_bRene Millet
257 _aFRA
260 _aParis
_bAlphonse Lemerre
_c1885
_9213435
260 _aParis
_bHachette
_c1891
_9210229
_n2-01-
300 _a819 с.
_c19 см
380 _a91
490 _9435080
_aКолекция Редки и ценни издания
500 _aJean Erdic. - Жан Ердик - псевд. на Емен Кейе
505 _tПодв. с Souvenirs des Balkans/ Rene Millet 1891
650 4 _aБългария - пътеписи
_9293385
653 _aпътеписи
653 _aистория
653 _aБългария
700 _aМillet, Rene
_9463940
852 _aРф 885
_bРц
856 4 _qpdf
856 4 _qpdf
942 _cKNG
_n0
_s1
944 _aCR
_c2021-09-03
_kК.Д.